000 00726nam a2200241 a 4500
001 53540
003 BD-RjUL
005 20211209075958.0
008 161017s2007 ii a|||| b||| 001 0 eng d
020 _a8130904985
035 _a(BD-RjUL) 53662
040 _aBD-RjUL
_beng
_cBD-RjUL
041 _aeng
082 _223
_a658.3
_bSHH 2007
100 _aSharma, V. K.
_9160028
245 _aHuman resource management :
_bevolution and the challenges ahead /
_cV. K. Sharma
250 _anew rev. ed.
260 _aNew Delhi :
_bViva Books Private Ltd.,
_c2007.
300 _axxii, 189 p.:
_bill. ;
_c23 cm.
504 _aIncludes bibliography and index
650 _a Personnel management
_z India
_9155455
942 _2ddc
_cBK
999 _c53540
_d53540